| 000 | 00000nam##2200000za#4500 |
| 001 | 9.580884 |
| 003 | CaOODSP |
| 005 | 20210624191244 |
| 007 | cr ||||||||||| |
| 008 | 150406|2001||||xxc|||||o f|0| 0 eng|d |
| 040 | |aCaOODSP|beng |
| 043 | |an-cn--- |
| 086 | 1 |aNH18-22/101-143E-PDF |
| 110 | 2 |aCanada Mortgage and Housing Corporation. |
| 245 | 10|aIndependent 6 L toilet testing program |h[electronic resource] |
| 250 | |aRevised 2007 |
| 260 | |aOttawa - Ontario : |bCanada Mortgage and Housing Corporation |cc2001, 2007. |
| 300 | |a6p.|billus., table |
| 490 | 1 |aResearch and development highlights; technical series |v01-143 |
| 500 | |aFile reproduced from original print. |
| 590 | |a14-17-Supp|b2014-10-09 |
| 775 | 08|tProgramme indépendant d'essais de toilettes 6 L / |w(CaOODSP)9.607821 |
| 830 | #0|aResearch and development highlights; technical series ;|v01-143|w(CaOODSP)9.504481 |
| 856 | 40|ahttp://publications.gc.ca|qPDF|s542 KB|uhttps://publications.gc.ca/collections/collection_2014/schl-cmhc/NH18-22-101-143-eng.pdf|y01-143 |